| 000 | 01439cam a22003854i 4500 | ||
|---|---|---|---|
| 003 | PE-LiUPU | ||
| 005 | 20250731184109.0 | ||
| 008 | 150625s r 000 0 d | ||
| 020 | _a844942013 | ||
| 035 | _a(Sirsi) i844942013 | ||
| 040 |
_aPE-LiUPU _bspa _cPE-LiUPU _erda |
||
| 049 | _aPRUA | ||
| 082 | 0 | 4 |
_a800.8 _bO78 _221 |
| 110 | 2 | _aOcéano grupo Editorial | |
| 245 | 1 | 0 |
_aCurso práctico de expresión corporal. _n2 / _cGrupo Océano. |
| 264 | 1 |
_aBarcelona : _bOceano, _c2004. |
|
| 300 |
_a176 páginas : _bIl. diagra. graficos ; _c29 centímetros |
||
| 336 |
_atext _2rdacontent |
||
| 337 |
_aunmediated _2rdamedia |
||
| 338 |
_avolume _2rdacarrier |
||
| 505 | 0 | _aLa piel del oso. -Los tres aseznos. -La mona y el avaro. -El soldadito de plomo. -El cumpleaños de la infanta. | |
| 526 | _aP145 | ||
| 526 | _aP127 | ||
| 526 | _aP97 | ||
| 526 | _aP14 | ||
| 526 | _aP07 | ||
| 541 | _g002-0000427; | ||
| 650 | 0 | 4 |
_aEducación psicomotriz _xDidáctica. |
| 910 |
_baj-hf _csm _d20051005 |
||
| 942 |
_2ddc _cBOOK |
||
| 949 |
_a800.8 O78 2 _wDEWEY _c1 _i55765 _lCCODEBUL1 _mBUL _r0 _sY _tBOOK _u2015-6-25 _xEDUCACION _zUNKNOWN _0COMPRA _o.STAFF. Colección General |
||
| 994 |
_aC0 _bPEPRU |
||
| 596 | _a1 | ||
| 999 |
_a800.8 O78 2 _wDEWEY _c44642 _i55765 _f2021-11-5 _g5 _lCCODEBUL1 _mBUL _r0 _sY _tBOOK _u2015-6-25 _xBIBLIOTECA _zUNKNOWN _0COMPRA _o.STAFF. Colección General _d44642 |
||
| 980 |
_81 _gALBERTO SANCHEZ Responsable de Automatización |
||